MARC

LEADER 00000nam0a2200000 4500
001 364947
005 20231102011734.0
035 |a (RuTPU)RU\TPU\retro\22310 
090 |a 364947 
100 |a 20211206d1980 km y0rusy50 ca 
101 0 |a rus 
102 |a RU 
105 |a a z 001zy 
200 1 |a Электроконтактный нагрев металлов  |f Д. И. Романов 
205 |a 2-е изд., перераб. и доп. 
210 |a Москва  |c Машиностроение  |d 1981 
215 |a 167 с.  |c ил. 
320 |a Библиогр.: с. 161-165 
606 1 |a Электроконтактный нагрев  |2 stltpush  |3 (RuTPU)RU\TPU\subj\20109  |9 45248 
610 1 |a металлы 
610 1 |a физические основы 
610 1 |a тепловые характеристики 
610 1 |a электромагнитные характеристики 
610 1 |a электрические схемы 
610 1 |a проектирование 
610 1 |a расчет 
610 1 |a электроконтактные установки 
610 1 |a применение 
675 |a 621.365  |v 4 
700 1 |a Романов  |b Д. И.  |g Дмитрий Иванович 
801 1 |a RU  |b 63413507  |c 20211206 
942 |c BK